000 00743nam a2200217Ii 4500
003 JO-AjNU
008 230605s9999||||xx |||||||||||||| ||und||
017 _a1994/4/358
040 _aJO-AjNU
_bara
_erda
_cJO-AjNU
041 _aara
050 1 4 _aBP144.F3434 2005
100 3 _aدودين، ماجد ، حمزة الفقير,
_eauthor
_920261
245 0 0 _aأسئلة النساء وأجوبة الفقهاء والعلماء
250 _aط2
264 3 1 _aعمان: دار الاسراء للنشر والتوزيع، 2005
300 _a96ص
336 _atext
_btxt
_2rdacontent
337 _aunmediated
_bn
_2rdamedia
338 _avolume
_bnc
_2rdacarrier
650 4 _aالفقه الاسلامي- المرأة المسلمة
_920262
999 _aA6835
_c10403
_d10403